000 00291nam a2200121Ia 4500
008 220216s9999 xx 000 0 und d
100 _aMcHenry Louise
245 0 _aRubber is far from redundant
260 _bEuropean Rubber Journal
_c2013
300 _a38
650 _aRubber
942 _cJS
999 _c67741
_d67741